| 000 | 00738cam a22002531 4500 | ||
|---|---|---|---|
| 001 | 18584 | ||
| 003 | BD-RjUL | ||
| 005 | 20211209000315.0 | ||
| 008 | 140220r19611947enk 000 0 eng d | ||
| 035 | _a(BD-RjUL)18642 | ||
| 035 | _a(OCoLC)5938590 | ||
| 040 |
_aDLC _cInU _dDLC _dBD-RjUL _beng |
||
| 041 | _aeng | ||
| 082 | 0 | 0 |
_a823.9 _bSNL 1961 |
| 100 | 1 |
_aSnow, C. P. _q(Charles Percy), _d1905-1980. _922516 |
|
| 245 | 1 | 4 |
_aThe light and the dark : _ba novel / _c C. P. Snow, |
| 260 |
_aLondon : _bFaber and Faber, _cc1947 [Reprinted 1961] |
||
| 300 |
_a392 p. ; _c19 cm. |
||
| 490 | 0 | _a[His Strangers and brothers, 4] | |
| 650 |
_aa novel _957265 |
||
| 942 |
_2ddc _cBK |
||
| 999 |
_c18584 _d18584 |
||